<?xml version="1.0" encoding="UTF-8"?>
<collection xmlns="http://www.loc.gov/MARC21/slim">
<record>
  <controlfield tag="001">160518</controlfield>
  <controlfield tag="005">20250904104813.0</controlfield>
  <datafield tag="037" ind1=" " ind2=" ">
    <subfield code="a">GDOC-2024-68410</subfield>
  </datafield>
  <datafield tag="970" ind1=" " ind2=" ">
    <subfield code="a">GDOC-2024-68410</subfield>
  </datafield>
  <datafield tag="041" ind1=" " ind2=" ">
    <subfield code="a">spa</subfield>
  </datafield>
  <datafield tag="041" ind1=" " ind2=" ">
    <subfield code="a">eng</subfield>
  </datafield>
  <datafield tag="540" ind1=" " ind2=" ">
    <subfield code="a">by-nc-sa</subfield>
    <subfield code="b">Creative Commons</subfield>
    <subfield code="c">3.0</subfield>
    <subfield code="u">http://creativecommons.org/licenses/by-nc-sa/3.0/</subfield>
  </datafield>
  <datafield tag="260" ind1=" " ind2=" ">
    <subfield code="a">Zaragoza</subfield>
    <subfield code="b">Universidad de Zaragoza</subfield>
    <subfield code="c">2024-2025</subfield>
  </datafield>
  <datafield tag="245" ind1="0" ind2="0">
    <subfield code="9">68410</subfield>
    <subfield code="a">Investigación en microbiología, parasitología, inmunología</subfield>
  </datafield>
  <datafield tag="242" ind1="0" ind2="0">
    <subfield code="9">68410</subfield>
    <subfield code="a">Microbiology research; parasitology, immunology</subfield>
  </datafield>
  <datafield tag="100" ind1=" " ind2=" ">
    <subfield code="0">(orcid)0000-0002-9730-2210</subfield>
    <subfield code="a">Maykel Alberto Arias, Cabrero</subfield>
    <subfield code="1">663661</subfield>
  </datafield>
  <datafield tag="700" ind1=" " ind2=" ">
    <subfield code="a">Antonio Beltrán, Rosel</subfield>
    <subfield code="1">311893</subfield>
  </datafield>
  <datafield tag="700" ind1=" " ind2=" ">
    <subfield code="0">(orcid)0000-0003-0765-7227</subfield>
    <subfield code="a">María Pilar Goñi, Cepero</subfield>
    <subfield code="1">361868</subfield>
  </datafield>
  <datafield tag="700" ind1=" " ind2=" ">
    <subfield code="0">(orcid)0000-0002-0111-4697</subfield>
    <subfield code="a">Ainhoa Lucía, Quintana</subfield>
    <subfield code="1">459008</subfield>
  </datafield>
  <datafield tag="700" ind1=" " ind2=" ">
    <subfield code="0">(orcid)0000-0003-2993-5478</subfield>
    <subfield code="a">Carlos Martín, Montañés</subfield>
    <subfield code="1">387412</subfield>
  </datafield>
  <datafield tag="700" ind1=" " ind2=" ">
    <subfield code="0">(orcid)0000-0003-3043-147X</subfield>
    <subfield code="a">Luis Martínez, Lostao</subfield>
    <subfield code="1">314986</subfield>
  </datafield>
  <datafield tag="700" ind1=" " ind2=" ">
    <subfield code="0">(orcid)0000-0003-1027-7583</subfield>
    <subfield code="a">María Isabel Otal, Gil</subfield>
    <subfield code="1">386253</subfield>
  </datafield>
  <datafield tag="700" ind1=" " ind2=" ">
    <subfield code="0">(orcid)0000-0002-9742-1463</subfield>
    <subfield code="a">Cristina Pilar Seral, García</subfield>
    <subfield code="1">342620</subfield>
  </datafield>
  <datafield tag="830" ind1=" " ind2=" ">
    <subfield code="9">530</subfield>
  </datafield>
  <datafield tag="856" ind1="4" ind2=" ">
    <subfield code="s">62888</subfield>
    <subfield code="u">http://zaguan.unizar.es/record/160518/files/guia-68410-es.pdf</subfield>
    <subfield code="y">Guía (idioma español)</subfield>
  </datafield>
  <datafield tag="856" ind1="4" ind2=" ">
    <subfield code="s">7068</subfield>
    <subfield code="u">http://zaguan.unizar.es/record/160518/files/guia-68410-en.pdf</subfield>
    <subfield code="y">Guide (english)</subfield>
  </datafield>
  <datafield tag="521" ind1=" " ind2=" ">
    <subfield code="9">624</subfield>
    <subfield code="a">Máster Universitario en Iniciación a la Investigación en Medicina</subfield>
    <subfield code="b">Master's in Introduction to Medical Research</subfield>
  </datafield>
  <datafield tag="980" ind1=" " ind2=" ">
    <subfield code="a">GDOC</subfield>
    <subfield code="b">Health Sciences</subfield>
    <subfield code="b">Ciencias de la Salud</subfield>
    <subfield code="c">104</subfield>
  </datafield>
</record>
</collection>